| 000 | 00842cam a22002653a 4500 | ||
|---|---|---|---|
| 001 | 17998 | ||
| 003 | PGUSA | ||
| 005 | 20140828083401.0 | ||
| 008 | 060316s2006||||xxu|||||s|||||000 | eng d | ||
| 040 |
_aPGUSA _beng |
||
| 042 | _adc | ||
| 050 | 4 | _aDA | |
| 100 | 1 |
_aHaldane, R. B. Haldane, Viscount _q(Richard Burdon Haldane), _d1856-1928 |
|
| 245 | 1 | 0 |
_aBefore the War _h[electronic resource] / _cR. B. Haldane, Viscount Haldane |
| 260 |
_bProject Gutenberg, _c2006 |
||
| 506 | _aPublic domain in the USA. | ||
| 516 | _aElectronic text | ||
| 653 | _aGreat Britain. Army | ||
| 653 | _aWorld War, 1914-1918 | ||
| 653 | _aGermany -- Foreign relations -- Great Britain | ||
| 653 | _aGreat Britain -- Foreign relations -- Germany | ||
| 830 | 0 |
_aProject Gutenberg _v17998 |
|
| 856 | 4 | 0 | _uhttp://www.gutenberg.org/ebooks/17998 |
| 942 | _cEB | ||
| 999 |
_c247253 _d247253 |
||